[Event "Oakville Winter op"]
[Site "Oakville CAN"]
[Date "2019.01.26"]
[Round "3.2"]
[White "Krnan, Tomas"]
[Black "Li, William"]
[Result "1/2-1/2"]
[WhiteElo "2507"]
[BlackElo "2269"]
[PlyCount "71"]
[EventDate "2019.01.25"]
[EventType "swiss"]
[EventRounds "5"]
[EventCountry "CAN"]

1. e4 c5 2. Nf3 d6 3. Bb5+ Nc6 4. O-O Bd7 5. Re1 Nf6 6. c3 a6 7. Bf1 Bg4 8. h3
Bxf3 9. Qxf3 e6 10. d3 Be7 11. Bf4 O-O 12. Nd2 b5 13. a4 Nd7 14. Qd1 Nb6 15.
axb5 axb5 16. Qb3 b4 17. Nf3 d5 18. Be3 d4 19. cxd4 cxd4 20. Rxa8 Nxa8 21. Bf4
Nb6 22. Ra1 Qd7 23. Nd2 Bd6 24. Bxd6 Qxd6 25. Nc4 Qc5 26. Nxb6 Qxb6 27. Qc4 Na5
28. Qa2 Ra8 29. Qa4 Qc5 30. g3 g6 31. e5 Ra7 32. Qe8+ Kg7 33. f4 Qc2 34. Qd8
Qxb2 35. Qf6+ Kg8 36. Qd8+ 1/2-1/2

[Event "Oakville Winter op"]
[Site "Oakville CAN"]
[Date "2019.01.26"]
[Round "3.4"]
[White "Qiao, Cindy"]
[Black "Chen, Max"]
[Result "0-1"]
[WhiteElo "1999"]
[BlackElo "2224"]
[PlyCount "80"]
[EventDate "2019.01.25"]
[EventType "swiss"]
[EventRounds "5"]
[EventCountry "CAN"]

1. e4 c5 2. Nf3 e6 3. d3 Nc6 4. g3 d6 5. Bg2 g6 6. Nbd2 Bg7 7. O-O Nge7 8. c3
e5 9. a3 a5 10. a4 O-O 11. Nc4 h6 12. Ne3 Be6 13. Nd2 d5 14. exd5 Nxd5 15. Ndc4
Nxe3 16. Bxe3 Qe7 17. Qe2 Rfd8 18. Rfd1 Ra6 19. f4 Bd5 20. Qf2 b6 21. fxe5 Bxg2
22. Qxg2 Nxe5 23. Nxe5 Qxe5 24. Bf4 Qd5 25. Qe2 Raa8 26. Rd2 Re8 27. Qf2 Re6
28. Rf1 Rae8 29. Qg2 Qd7 30. Rdf2 Qxa4 31. Qh3 g5 32. Bxg5 hxg5 33. Qh5 Qd7 34.
Rxf7 R6e7 35. R7f5 Re1 36. Rxg5 Rxf1+ 37. Kxf1 Qxd3+ 38. Kf2 Qd2+ 39. Kf3 Qe2+
40. Kf4 Qe4# 0-1

[Event "Oakville Winter op"]
[Site "Oakville CAN"]
[Date "2019.01.26"]
[Round "3.5"]
[White "Hua, Eugene"]
[Black "Xu, Daniel"]
[Result "1-0"]
[WhiteElo "2433"]
[BlackElo "2111"]
[PlyCount "89"]
[EventDate "2019.01.25"]
[EventType "swiss"]
[EventRounds "5"]
[EventCountry "CAN"]

1. c4 Nf6 2. g3 g6 3. Bg2 Bg7 4. Nc3 O-O 5. e4 d6 6. Nge2 c5 7. O-O Nc6 8. d3
Ne8 9. Be3 Nd4 10. Rb1 Nc7 11. a3 Nce6 12. b4 Nxe2+ 13. Nxe2 Nd4 14. Nxd4 cxd4
15. Bd2 e5 16. f4 f6 17. f5 g5 18. h4 h6 19. Kf2 Bd7 20. Rh1 b6 21. Qe2 Qe7 22.
Rh2 Rfc8 23. Rbh1 Be8 24. hxg5 fxg5 25. Rxh6 Bxh6 26. Rxh6 Qg7 27. Rxd6 Rd8 28.
Rxd8 Rxd8 29. Qg4 Rd6 30. Qxg5 Qxg5 31. Bxg5 Kg7 32. g4 Bf7 33. Bd2 Rd8 34. Kg3
Rh8 35. Bg5 Re8 36. Bf3 Rh8 37. Bh4 Be8 38. g5 Bh5 39. Bxh5 Rxh5 40. Kg4 Rh8
41. g6 Re8 42. Kg5 Rf8 43. Bg3 Re8 44. f6+ Kf8 45. Kf5 1-0

[Event "Oakville Winter op"]
[Site "Oakville CAN"]
[Date "2019.01.26"]
[Round "3.6"]
[White "Sapozhnikov, Roman"]
[Black "Aniunoh, Chike"]
[Result "0-1"]
[WhiteElo "2366"]
[BlackElo "2188"]
[PlyCount "128"]
[EventDate "2019.01.25"]
[EventType "swiss"]
[EventRounds "5"]
[EventCountry "CAN"]

1. e4 e6 2. d4 d5 3. Nc3 dxe4 4. Nxe4 Bd7 5. Nf3 Bc6 6. Bd3 Nd7 7. O-O Be7 8.
c4 Ngf6 9. Ng3 O-O 10. b3 Bxf3 11. Qxf3 c6 12. Bb2 Qa5 13. a3 Rad8 14. Rfe1
Rfe8 15. Rad1 Nf8 16. h4 Rd7 17. Re5 Qc7 18. Rg5 Ng6 19. Nh5 Nxh5 20. Rxh5 Bf6
21. Bc2 h6 22. g3 Qd8 23. Qg4 Kf8 24. Bxg6 fxg6 25. Qxg6 Bxd4 26. Bxd4 Rxd4 27.
Re1 Rd1 28. Rhe5 Qd2 29. Rf5+ Kg8 30. Qxe8+ Kh7 31. Rxd1 Qxd1+ 32. Kg2 exf5 33.
Qf7 Qxb3 34. Qxf5+ Kh8 35. Qf8+ Kh7 36. Qc5 a5 37. g4 Qd3 38. Qxa5 Qxc4 39. Kg3
Qd3+ 40. f3 Qd6+ 41. Kf2 Qd4+ 42. Ke2 Qb2+ 43. Ke3 Qc1+ 44. Ke4 Qc2+ 45. Kf4
Qh2+ 46. Kf5 Qxh4 47. Ke4 Qe7+ 48. Kd4 Qd6+ 49. Ke4 Qe6+ 50. Kd4 Qd6+ 51. Ke4
b5 52. Qa6 Qd5+ 53. Ke3 Qb3+ 54. Ke4 c5 55. Qc8 Qc2+ 56. Kd5 Qd3+ 57. Kc6 b4
58. a4 b3 59. Qb8 Qxf3+ 60. Kxc5 Qc3+ 61. Kd5 b2 62. Ke6 Qe3+ 63. Kf7 Qf3+ 64.
Ke7 Qe4+ 0-1

[Event "Oakville Winter op"]
[Site "Oakville CAN"]
[Date "2019.01.27"]
[Round "4.3"]
[White "Li, William"]
[Black "Chen, Max"]
[Result "1/2-1/2"]
[WhiteElo "2269"]
[BlackElo "2224"]
[PlyCount "185"]
[EventDate "2019.01.25"]
[EventType "swiss"]
[EventRounds "5"]
[EventCountry "CAN"]

1. d4 Nf6 2. c4 g6 3. f3 d5 4. cxd5 Nxd5 5. e4 Nb6 6. Nc3 Bg7 7. Be3 O-O 8. Qd2
Nc6 9. O-O-O e5 10. d5 Nd4 11. f4 c5 12. fxe5 Bxe5 13. Nf3 Nxf3 14. gxf3 Nd7
15. f4 Bg7 16. e5 Qe7 17. d6 Qe6 18. Nd5 Nb6 19. Nxb6 axb6 20. d7 Qxa2 21. Qc2
Qa1+ 22. Qb1 Bxd7 23. Rxd7 Qa4 24. Bh3 Qc4+ 25. Kd2 Ra2 26. Ke1 Rfa8 27. Kf2
Bh6 28. e6 Bxf4 29. e7 Re8 30. Rd8 Ra8 31. Rxa8 Rxa8 32. Rd1 Bxe3+ 33. Kxe3 Qh4
34. Rd8+ Rxd8 35. exd8=Q+ Qxd8 36. Qd3 Qg5+ 37. Ke4 Qh4+ 38. Kd5 Qd8+ 39. Kc4
Qh4+ 40. Kc3 Qe1+ 41. Kb3 Qb4+ 42. Kc2 Qh4 43. Qe3 Qc4+ 44. Kb1 Qa4 45. Qd3 Qh4
46. Ka2 Qa4+ 47. Qa3 Qe4 48. Qb3 Qc6 49. Bf1 h5 50. Bc4 Qc7 51. h3 Kg7 52. Bd5
Qd7 53. Qf3 Qa4+ 54. Kb1 Qe8 55. Qe4 Qd7 56. Qe5+ Kh7 57. h4 Qg4 58. Qe4 Qd7
59. Bxb7 b5 60. Kc2 b4 61. Bd5 Qc7 62. Kb3 f5 63. Qe3 Qd6 64. Kc4 Qa6+ 65. Kb3
Qd6 66. Qd3 Qf4 67. Qc4 Qc7 68. Ka4 Qd7+ 69. Ka5 f4 70. Qxc5 Qd8+ 71. Kxb4 Qxh4
72. Qf8 Qe1+ 73. Ka4 Qa1+ 74. Qa3 Qd1+ 75. Qb3 Qd4+ 76. Kb5 Qe5 77. Kc6 Qe8+
78. Kd6 Qf8+ 79. Ke5 Qf5+ 80. Kd4 Qf6+ 81. Ke4 Qf5+ 82. Kf3 Qg4+ 83. Kf2 Qh4+
84. Kf1 Kh6 85. Qc3 Qg4 86. Bf3 Qh3+ 87. Bg2 Qxc3 88. bxc3 g5 89. c4 Kg6 90. c5
Kf6 91. Be4 g4 92. Kf2 Ke6 93. Bg6 1/2-1/2

[Event "Oakville Winter op"]
[Site "Oakville CAN"]
[Date "2019.01.27"]
[Round "4.4"]
[White "Aniunoh, Chike"]
[Black "Hua, Eugene"]
[Result "0-1"]
[WhiteElo "2188"]
[BlackElo "2433"]
[PlyCount "136"]
[EventDate "2019.01.25"]
[EventType "swiss"]
[EventRounds "5"]
[EventCountry "CAN"]

1. d4 Nf6 2. Nf3 e6 3. e3 c5 4. Nbd2 b6 5. Bd3 Bb7 6. O-O Nc6 7. b3 d5 8. Bb2
Bd6 9. Ne5 O-O 10. a3 Rc8 11. f4 cxd4 12. exd4 Ne7 13. Qe2 Nf5 14. g4 Nh4 15.
g5 Ne4 16. Nxe4 dxe4 17. Bxe4 Bxe4 18. Qxe4 Bxe5 19. dxe5 Qc7 20. c4 Rcd8 21.
Bd4 Rd7 22. Bf2 Nf5 23. Rfd1 Rfd8 24. Qf3 h6 25. h4 Kh7 26. Rac1 Rd2 27. Rxd2
Rxd2 28. Rd1 Qd7 29. Rxd2 Qxd2 30. a4 Qc1+ 31. Kh2 Qf1 32. Qg2 Qe2 33. Bg1 Qd3
34. h5 hxg5 35. fxg5 g6 36. Bf2 gxh5 37. Qb7 Kg7 38. Qxa7 Qxb3 39. Qxb6 Qxa4
40. Qd8 Qxc4 41. Qf6+ Kg8 42. Qd8+ Kh7 43. Qf6 Qc7 44. g6+ fxg6 45. Qxe6 Qe7
46. Qd5 Ng7 47. Qd6 Qe6 48. Be3 Qg4 49. Qf6 Qf5 50. Qe7 Qe6 51. Qd6 Qa2+ 52.
Kg1 Qb1+ 53. Kg2 Qe4+ 54. Kf2 Qf5+ 55. Kg2 g5 56. Qe7 Qe4+ 57. Kf2 Qf5+ 58. Kg2
Kg6 59. Qd6+ Qe6 60. Bb6 h4 61. Bd8 Kh5 62. Bf6 Qg4+ 63. Kf2 Nf5 64. Qd3 h3 65.
Qf3 Qxf3+ 66. Kxf3 g4+ 67. Kf2 g3+ 68. Kg1 Nd4 0-1

[Event "Oakville Winter op"]
[Site "Oakville CAN"]
[Date "2019.01.27"]
[Round "4.5"]
[White "Xu, Daniel"]
[Black "Kang, Dorian"]
[Result "0-1"]
[WhiteElo "2111"]
[BlackElo "2202"]
[PlyCount "96"]
[EventDate "2019.01.25"]
[EventType "swiss"]
[EventRounds "5"]
[EventCountry "CAN"]

1. d4 Nf6 2. c4 g6 3. Nc3 d5 4. cxd5 Nxd5 5. e4 Nxc3 6. bxc3 Bg7 7. Bc4 c5 8.
Ne2 Nc6 9. Be3 O-O 10. O-O Qc7 11. Rc1 Rd8 12. Bf4 Qd7 13. d5 Na5 14. Bd3 c4
15. Bb1 e6 16. dxe6 fxe6 17. Qc2 e5 18. Bg5 Rf8 19. Rcd1 Qc7 20. Kh1 Be6 21.
Be3 Rf7 22. f4 Raf8 23. f5 gxf5 24. exf5 Bxf5 25. Rxf5 Rxf5 26. Ng3 e4 27. Qxe4
Qe5 28. Nxf5 Qxe4 29. Bxe4 Bxc3 30. Rd7 Kh8 31. Bh6 Re8 32. Bg7+ Bxg7 33. Nd6
Rf8 34. Nf7+ Kg8 35. Bd5 c3 36. Rd8 Rxd8 37. Nxd8+ Kf8 38. Be4 Ke7 39. Nxb7
Nxb7 40. Bxh7 Nd6 41. Kg1 Nc4 42. Kf2 Na3 43. Ke2 c2 44. Bxc2 Nxc2 45. Kd3 Nb4+
46. Kc4 Nxa2 47. h4 Nc3 48. h5 Ne4 0-1

[Event "Oakville Winter op"]
[Site "Oakville CAN"]
[Date "2019.01.27"]
[Round "5.1"]
[White "Sambuev, Bator"]
[Black "Li, William"]
[Result "1-0"]
[WhiteElo "2539"]
[BlackElo "2269"]
[PlyCount "67"]
[EventDate "2019.01.25"]
[EventType "swiss"]
[EventRounds "5"]
[EventCountry "CAN"]

1. e4 c5 2. Ne2 d6 3. g3 g6 4. Bg2 Bg7 5. c3 Nc6 6. d4 cxd4 7. cxd4 Bg4 8. f3
Bd7 9. Nbc3 h5 10. h3 h4 11. g4 e5 12. Be3 Nge7 13. d5 Na5 14. b3 b5 15. Qd2
Nb7 16. O-O f5 17. b4 a5 18. a3 f4 19. Bf2 Qb8 20. Qd3 Nd8 21. bxa5 Rxa5 22.
Rfb1 Nf7 23. Bf1 O-O 24. Nc1 Rc8 25. Nb3 Ra8 26. Nd2 Ra5 27. Nxb5 Rxb5 28. Rxb5
Bxb5 29. Qxb5 Qxb5 30. Bxb5 Rc2 31. Rd1 Bf6 32. Kg2 Nc8 33. Ba4 Ra2 34. Nc4 1-0

[Event "Oakville Winter op"]
[Site "Oakville CAN"]
[Date "2019.01.27"]
[Round "5.4"]
[White "Hua, Eugene"]
[Black "Kang, Dorian"]
[Result "1-0"]
[WhiteElo "2433"]
[BlackElo "2202"]
[PlyCount "45"]
[EventDate "2019.01.25"]
[EventType "swiss"]
[EventRounds "5"]
[EventCountry "CAN"]

1. e4 c5 2. Nf3 d6 3. d4 cxd4 4. Qxd4 a6 5. h3 Nc6 6. Qe3 g6 7. c4 Bg7 8. Nc3
Nf6 9. Be2 O-O 10. O-O Nd7 11. Rb1 Nc5 12. b4 Bxc3 13. bxc5 Bg7 14. Rd1 Qa5 15.
cxd6 Qxa2 16. dxe7 Nxe7 17. Ba3 Re8 18. Bxe7 Rxe7 19. Rd8+ Bf8 20. Qh6 Qxb1+
21. Bf1 Re8 22. Rxe8 Qb4 23. Ng5 1-0

[Event "Oakville Winter op"]
[Site "Oakville CAN"]
[Date "2019.01.27"]
[Round "5.5"]
[White "Aniunoh, Chike"]
[Black "Qiao, Cindy"]
[Result "1-0"]
[WhiteElo "2188"]
[BlackElo "1999"]
[PlyCount "51"]
[EventDate "2019.01.25"]
[EventType "swiss"]
[EventRounds "5"]
[EventCountry "CAN"]

1. e4 c5 2. Nc3 Nc6 3. g3 g6 4. Bg2 Bg7 5. d3 e6 6. Be3 d6 7. Qd2 Nge7 8. Bh6
O-O 9. h4 Re8 10. Bxg7 Kxg7 11. h5 Ng8 12. Nge2 Nd4 13. Nxd4 cxd4 14. Ne2 e5
15. c3 dxc3 16. Nxc3 Be6 17. O-O-O Rc8 18. Kb1 Qa5 19. Bh3 b5 20. Bxe6 Rxe6 21.
f4 Qd8 22. f5 Re8 23. hxg6 hxg6 24. Nd5 Rc5 25. f6+ Kf8 26. Rh8 1-0

[Event "Oakville Winter op U2100"]
[Site "Oakville CAN"]
[Date "2019.01.25"]
[Round "1.6"]
[White "Lauron, Ranel"]
[Black "Chakkoli, Shiva"]
[Result "1-0"]
[WhiteElo "2094"]
[BlackElo "1862"]
[PlyCount "53"]
[EventDate "2019.01.25"]
[EventType "swiss"]
[EventRounds "5"]
[EventCountry "CAN"]

1. e4 e5 2. d4 exd4 3. Qxd4 Nc6 4. Qe3 b6 5. Nc3 g6 6. Bd2 Bg7 7. O-O-O Nge7 8.
f4 d6 9. Nf3 Bg4 10. h3 Bxf3 11. gxf3 Qc8 12. Bc4 Na5 13. Bd3 Qe6 14. Qe2 c6
15. Kb1 O-O 16. h4 c5 17. Qh2 h5 18. Rhg1 c4 19. Be2 Nac6 20. f5 gxf5 21. Qg3
Qg6 22. Qh2 Qe6 23. Qg3 Qg6 24. Bg5 Be5 25. f4 Bg7 26. Bxh5 Qe6 27. Bxe7 1-0

[Event "Oakville Winter op U2100"]
[Site "Oakville CAN"]
[Date "2019.01.25"]
[Round "1.7"]
[White "Xie, Austin"]
[Black "Papneja, Arul"]
[Result "0-1"]
[WhiteElo "1854"]
[BlackElo "2037"]
[PlyCount "104"]
[EventDate "2019.01.25"]
[EventType "swiss"]
[EventRounds "5"]
[EventCountry "CAN"]

1. e4 c5 2. Nc3 Nc6 3. f4 g6 4. Nf3 Bg7 5. e5 f6 6. Bb5 fxe5 7. Bxc6 bxc6 8.
fxe5 Qc7 9. Qe2 Nh6 10. d3 O-O 11. O-O Nf5 12. Bf4 Nd4 13. Nxd4 cxd4 14. Na4
Rxf4 15. Rxf4 Bxe5 16. Rh4 d6 17. Rf1 Bf6 18. Rxf6 exf6 19. Qe8+ Kg7 20. Re4
Bf5 21. Qxa8 Bxe4 22. dxe4 Qa5 23. Qb7+ Kh6 24. h4 Qxa4 25. Qe7 Qxc2 26. Qf8+
Kh5 27. Qxf6 Qd1+ 28. Kh2 Qg4 29. Qxd4 Qxh4+ 30. Kg1 Qe7 31. Qe3 c5 32. Qf4 g5
33. Qf3+ Kg6 34. Qf5+ Kg7 35. Qd5 h6 36. Qa8 Qc7 37. b3 Qf7 38. Qb8 Qe7 39. Qa8
h5 40. Qd5 h4 41. Qf5 a5 42. Qg4 Qe5 43. Qd7+ Kg6 44. Qd8 Qd4+ 45. Kh2 Qe5+ 46.
Kg1 Kh5 47. Qd7 Qd4+ 48. Kh2 Qxe4 49. Qf7+ Kg4 50. Qd7+ Qf5 51. Qc6 Qf4+ 52.
Kg1 Kg3 0-1

[Event "Oakville Winter op U2100"]
[Site "Oakville CAN"]
[Date "2019.01.25"]
[Round "1.8"]
[White "Gunapalan, David"]
[Black "Hasku, Dashnor"]
[Result "1-0"]
[WhiteElo "2012"]
[BlackElo "1824"]
[PlyCount "41"]
[EventDate "2019.01.25"]
[EventType "swiss"]
[EventRounds "5"]
[EventCountry "CAN"]

1. e4 c6 2. d4 d5 3. exd5 cxd5 4. c4 dxc4 5. Bxc4 Nf6 6. Nf3 e6 7. O-O Be7 8.
Re1 O-O 9. Nc3 a6 10. Bg5 b5 11. Bb3 Bb7 12. a3 Nc6 13. Qd3 h6 14. Bh4 Nh7 15.
Bc2 g6 16. Rxe6 Bf6 17. Rxf6 Nxf6 18. Ne4 Qc7 19. Nxf6+ Kg7 20. d5 Rad8 21.
Nh5+ 1-0

[Event "Oakville Winter op U2100"]
[Site "Oakville CAN"]
[Date "2019.01.25"]
[Round "1.9"]
[White "Stewart, Scott"]
[Black "England, Max"]
[Result "0-1"]
[WhiteElo "1778"]
[BlackElo "2010"]
[PlyCount "64"]
[EventDate "2019.01.25"]
[EventType "swiss"]
[EventRounds "5"]
[EventCountry "CAN"]

1. e4 e5 2. Nf3 Nc6 3. Bb5 a6 4. Ba4 Nf6 5. d3 Bc5 6. c3 b5 7. Bb3 d6 8. O-O
O-O 9. Re1 Re8 10. a4 Bg4 11. Nbd2 Ne7 12. h3 Bxf3 13. Nxf3 Ng6 14. d4 Bb6 15.
Ng5 Re7 16. axb5 axb5 17. Rxa8 Qxa8 18. d5 h6 19. Nf3 Qa7 20. Qe2 Nh5 21. Rf1
Ng3 22. Qxb5 Nxf1 23. Qxf1 Qa1 24. g3 Re8 25. Qd1 Ra8 26. Ne1 Ne7 27. Nd3 f5
28. exf5 Nxf5 29. Qg4 Rf8 30. Kg2 Bxf2 31. Bxh6 Ne3+ 32. Bxe3 Qg1# 0-1

[Event "Oakville Winter op U2100"]
[Site "Oakville CAN"]
[Date "2019.01.25"]
[Round "1.10"]
[White "Jackson, Nicholas"]
[Black "Liu, Harrison"]
[Result "1-0"]
[WhiteElo "1969"]
[BlackElo "1745"]
[PlyCount "67"]
[EventDate "2019.01.25"]
[EventType "swiss"]
[EventRounds "5"]
[EventCountry "CAN"]

1. d4 Nf6 2. Nf3 g6 3. c4 Bg7 4. Nc3 d5 5. cxd5 Nxd5 6. e4 Nxc3 7. bxc3 c5 8.
Be3 O-O 9. Rb1 Nc6 10. Be2 Qa5 11. Qd2 cxd4 12. cxd4 Qxd2+ 13. Kxd2 b6 14. Rhc1
Bb7 15. d5 Rfd8 16. Ke1 Ne5 17. Rc7 Nxf3+ 18. Bxf3 Bc8 19. Rxe7 Bd7 20. d6 Rac8
21. Rxd7 Rxd7 22. Bg4 f5 23. exf5 Rc4 24. Be2 Rc8 25. f6 Bf8 26. Bg4 Rcd8 27.
Be6+ Kh8 28. Bxd7 Rxd7 29. Rc1 Kg8 30. Rc8 Rxd6 31. Bh6 Rxf6 32. f4 a5 33. Kd2
Rf5 34. Kd3 1-0

[Event "Oakville Winter op U2100"]
[Site "Oakville CAN"]
[Date "2019.01.25"]
[Round "1.11"]
[White "Qiao, Joey"]
[Black "Huang, Youhe"]
[Result "0-1"]
[WhiteElo "1702"]
[BlackElo "1941"]
[PlyCount "60"]
[EventDate "2019.01.25"]
[EventType "swiss"]
[EventRounds "5"]
[EventCountry "CAN"]

1. e4 c5 2. Nf3 d6 3. d4 cxd4 4. Nxd4 Nf6 5. Nc3 a6 6. a4 e5 7. Nf3 Be6 8. Be2
Nbd7 9. Bg5 Be7 10. O-O h6 11. Bh4 Rc8 12. Re1 g5 13. Bg3 Nc5 14. Nd2 h5 15. h3
g4 16. Bf1 h4 17. Bh2 Rg8 18. Kh1 Qd7 19. Re3 gxh3 20. gxh3 d5 21. exd5 Nxd5
22. Nxd5 Bxd5+ 23. Nf3 Ne4 24. Qe1 Nd2 25. Bg2 Rxg2 26. Qxd2 Rg3 27. Qe2 Rxf3
28. Rxf3 Qxh3 29. Kg1 Bxf3 30. Qxe5 Qg2# 0-1

[Event "Oakville Winter op U2100"]
[Site "Oakville CAN"]
[Date "2019.01.25"]
[Round "1.12"]
[White "Calvelo, Jelvis"]
[Black "Xiang, Christopher"]
[Result "1-0"]
[WhiteElo "2051"]
[BlackElo "1700"]
[PlyCount "127"]
[EventDate "2019.01.25"]
[EventType "swiss"]
[EventRounds "5"]
[EventCountry "CAN"]

1. c4 Nf6 2. Nc3 g6 3. g3 Bg7 4. Bg2 d6 5. d4 O-O 6. Nf3 Nbd7 7. O-O e5 8. e3
Re8 9. b3 exd4 10. exd4 Nf8 11. Bb2 c6 12. Re1 Bf5 13. Nh4 Bd7 14. Qd2 Qc7 15.
h3 Rad8 16. Ba3 Bc8 17. Rad1 Rxe1+ 18. Rxe1 b6 19. d5 c5 20. g4 Re8 21. g5
Rxe1+ 22. Qxe1 Nh5 23. Nb5 Qd7 24. Bc1 a6 25. Na3 Be5 26. Qe4 Ng7 27. Nc2 Nf5
28. Nf3 Bg7 29. h4 Qe7 30. Qxe7 Nxe7 31. Bf4 Nf5 32. Ne3 Nd4 33. Bxd6 Nf5 34.
Bc7 Nxe3 35. fxe3 b5 36. Bd6 Nd7 37. Bh3 bxc4 38. bxc4 Bf8 39. Bc7 Nb6 40. Bf1
Na4 41. Kf2 Nc3 42. a3 Ne4+ 43. Kg2 Bd6 44. Ba5 f5 45. Bd3 Kf7 46. Be1 Ke7 47.
Bxe4 fxe4 48. Nd2 Bf5 49. Bg3 Kd7 50. Bxd6 Kxd6 51. Kg3 Ke5 52. Nb3 Kd6 53. Kf4
Bh3 54. Kxe4 Bf1 55. Nd2 Be2 56. Kf4 Bd3 57. e4 Bc2 58. e5+ Ke7 59. d6+ Ke6 60.
Ne4 Kd7 61. Nxc5+ Kc6 62. d7 Kc7 63. e6 Bf5 64. Ke5 1-0

[Event "Oakville Winter op U2100"]
[Site "Oakville CAN"]
[Date "2019.01.26"]
[Round "2.7"]
[White "England, Max"]
[Black "Lauron, Ranel"]
[Result "1-0"]
[WhiteElo "2010"]
[BlackElo "2094"]
[PlyCount "105"]
[EventDate "2019.01.25"]
[EventType "swiss"]
[EventRounds "5"]
[EventCountry "CAN"]

1. e4 e5 2. Nf3 Nc6 3. Bc4 Bc5 4. d3 Nf6 5. Nc3 d6 6. Be3 Bb6 7. Qd2 Qe7 8.
O-O-O Be6 9. Bxe6 fxe6 10. Bxb6 axb6 11. d4 exd4 12. Nxd4 Nxd4 13. Qxd4 e5 14.
Qc4 Qf7 15. Qxf7+ Kxf7 16. f3 Rhd8 17. a3 c6 18. Rhe1 Ke6 19. g4 b5 20. h4 Nd7
21. Ne2 Nb6 22. f4 Nc4 23. f5+ Kf7 24. Nc3 Ra5 25. Nb1 Ke7 26. Nd2 Nxd2 27.
Rxd2 Ra4 28. c3 c5 29. Kc2 Rda8 30. Kb3 Rc4 31. g5 Raa4 32. Rde2 Kd7 33. Re3
Ke7 34. Kc2 b4 35. b3 Rxc3+ 36. Rxc3 Rxa3 37. Kb2 b5 38. Rcc1 Ra7 39. Ra1 Rc7
40. Ra5 c4 41. Rxb5 cxb3 42. Rc1 Ra7 43. Kxb3 Ra3+ 44. Kxb4 Re3 45. Rb7+ Kd8
46. Rc4 Rh3 47. Rxg7 Rxh4 48. Kb5 Rh3 49. Kc6 Rd3 50. Rxh7 Ke8 51. Ra4 Rc3+ 52.
Kd5 Rc8 53. Rh8+ 1-0

[Event "Oakville Winter op U2100"]
[Site "Oakville CAN"]
[Date "2019.01.26"]
[Round "2.8"]
[White "Rusonik, Max"]
[Black "Gunapalan, David"]
[Result "1-0"]
[WhiteElo "2058"]
[BlackElo "2012"]
[PlyCount "65"]
[EventDate "2019.01.25"]
[EventType "swiss"]
[EventRounds "5"]
[EventCountry "CAN"]

1. e4 c5 2. Nf3 d6 3. d4 cxd4 4. Nxd4 Nf6 5. f3 d5 6. e5 Ng8 7. Bb5+ Bd7 8. e6
Bxb5 9. Nxb5 fxe6 10. Bf4 Na6 11. N1c3 Nf6 12. Qe2 Kf7 13. O-O Ne8 14. Rae1 Qc8
15. Nd4 Nac7 16. Be5 Rg8 17. f4 g6 18. Nf3 h6 19. Ng5+ hxg5 20. fxg5+ Nf6 21.
Bxc7 Qxc7 22. Qxe6+ Ke8 23. gxf6 Rh8 24. f7+ Kd8 25. Qxd5+ Kc8 26. h3 Rh6 27.
Re4 g5 28. Rc4 Rc6 29. Rxc6 Qxc6 30. Qxg5 Qb6+ 31. Kh1 Qxb2 32. Qc5+ Kb8 33.
Nb5 1-0

[Event "Oakville Winter op U2100"]
[Site "Oakville CAN"]
[Date "2019.01.26"]
[Round "2.9"]
[White "Huang, Youhe"]
[Black "Calvelo, Jelvis"]
[Result "0-1"]
[WhiteElo "1941"]
[BlackElo "2051"]
[PlyCount "92"]
[EventDate "2019.01.25"]
[EventType "swiss"]
[EventRounds "5"]
[EventCountry "CAN"]

1. e4 e6 2. d3 d5 3. Nd2 Nd7 4. Ngf3 b6 5. Qe2 Bb7 6. g3 dxe4 7. Nxe4 Ngf6 8.
Bg2 Be7 9. O-O O-O 10. b3 Nxe4 11. dxe4 Bf6 12. Rb1 e5 13. Ba3 c5 14. Rbd1 Qc7
15. Nd2 Rfd8 16. Nc4 Ba6 17. Bb2 Nf8 18. f4 Ng6 19. Qh5 Bxc4 20. bxc4 Rxd1 21.
Rxd1 Re8 22. f5 Ne7 23. g4 Nc6 24. g5 g6 25. Qg4 Be7 26. fxg6 hxg6 27. Qd7 Qxd7
28. Rxd7 Bxg5 29. Rc7 Na5 30. Bf1 Be3+ 31. Kg2 Bf4 32. Rxa7 Nc6 33. Rb7 Ra8 34.
a3 Ra6 35. Bd3 Kg7 36. h3 Kf6 37. Kf3 Ke6 38. Kg4 Nd8 39. Rb8 Kd7 40. h4 Kc7
41. Rxd8 Kxd8 42. h5 Ke7 43. hxg6 fxg6 44. Kf3 Kf6 45. Kg4 Ra8 46. Be2 Bd2 0-1

[Event "Oakville Winter op U2100"]
[Site "Oakville CAN"]
[Date "2019.01.26"]
[Round "2.10"]
[White "Papneja, Arul"]
[Black "Jackson, Nicholas"]
[Result "0-1"]
[WhiteElo "2037"]
[BlackElo "1969"]
[PlyCount "102"]
[EventDate "2019.01.25"]
[EventType "swiss"]
[EventRounds "5"]
[EventCountry "CAN"]

1. d4 Nf6 2. Bf4 g6 3. Nc3 d5 4. Nf3 Bg7 5. Nb5 Na6 6. e3 c6 7. Nc3 Qb6 8. Rb1
O-O 9. h3 Re8 10. b4 Nb8 11. Qd2 Nbd7 12. Be2 Ne4 13. Nxe4 dxe4 14. Ng5 Nf6 15.
Bc4 e6 16. f3 exf3 17. Nxf3 a5 18. b5 Bd7 19. Ne5 Rad8 20. O-O c5 21. Bg5 Ne4
22. Bxd8 Rxd8 23. Qd3 Nd6 24. Nxd7 Rxd7 25. c3 cxd4 26. cxd4 Nf5 27. Rbd1 Bxd4
28. exd4 Rxd4 29. Qxd4 Nxd4 30. Kh1 Nf5 31. Rxf5 gxf5 32. a4 Qc5 33. Be2 Qc2
34. Bh5 Qxa4 35. Rd8+ Kg7 36. Rd7 Qxb5 37. Rxf7+ Kh8 38. Rf8+ Kg7 39. Rf7+ Kh6
40. g4 Qf1+ 41. Kh2 Qf2+ 42. Kh1 Qf3+ 43. Kh2 Qe2+ 44. Kh1 Qe4+ 45. Kh2 f4 46.
h4 Qe2+ 47. Kg1 Qe1+ 48. Kg2 Qg3+ 49. Kf1 Qh3+ 50. Kg1 Qxh4 51. Rxb7 Qe1+ 0-1

[Event "Oakville Winter op U2100"]
[Site "Oakville CAN"]
[Date "2019.01.26"]
[Round "2.11"]
[White "Zhao, Jeffrey Renfei"]
[Black "Zhao, Jeffrey R"]
[Result "0-1"]
[WhiteElo "2052"]
[BlackElo "2027"]
[PlyCount "168"]
[EventDate "2019.01.25"]
[EventType "swiss"]
[EventRounds "5"]
[EventCountry "CAN"]

1. e4 c5 2. Nf3 d6 3. d4 cxd4 4. Nxd4 Nf6 5. Nc3 a6 6. Be3 e5 7. Nb3 Be6 8. Be2
Be7 9. O-O O-O 10. Qd2 b5 11. a4 b4 12. Nd5 Nxe4 13. Nxe7+ Qxe7 14. Qxb4 f5 15.
Na5 Nd7 16. f3 Nec5 17. Nc6 Qf6 18. Rfd1 f4 19. Bxc5 dxc5 20. Qb7 Rac8 21. Rd6
Rfe8 22. Rad1 Nb8 23. Bc4 Rxc6 24. Bxe6+ Kf8 25. Rxc6 Nxc6 26. Bd7 Rd8 27. Qc7
Nb8 28. Qxc5+ Qe7 29. Qc7 Nxd7 30. Rd6 Ke8 31. Qc6 Qh4 32. h3 Qe1+ 33. Kh2 Qa5
34. c3 Qc5 35. Qxa6 Nf6 36. Qc6+ Qxc6 37. Rxc6 Ra8 38. b3 Kd7 39. Rb6 Nd5 40.
Rb7+ Nc7 41. Rb6 Ra6 42. Rb8 Kc6 43. Rg8 g6 44. Rg7 Nd5 45. c4 Nf6 46. Re7 Kc5
47. Rxe5+ Kb4 48. a5 Nh5 49. h4 Ng3 50. Re7 Rxa5 51. Rf7 Rf5 52. Rxh7 Kxb3 53.
Rg7 Rh5 54. Kh3 Nf5 55. Rb7+ Kxc4 56. Kg4 Nxh4 57. Kxf4 Nxg2+ 58. Kg4 Ne3+ 59.
Kg3 Nf5+ 60. Kf4 Kd5 61. Rb6 Nd6 62. Ra6 Ke6 63. Kg4 Rd5 64. Rb6 Kf7 65. f4 Kg7
66. Rb8 Rf5 67. Rd8 Ne4 68. Ra8 Nf6+ 69. Kf3 Nh5 70. Ra4 Kh6 71. Ke3 Nf6 72.
Ke2 Nd5 73. Kf3 Nxf4 74. Rxf4 Kg5 75. Rxf5+ Kxf5 76. Kg3 Kg5 77. Kh3 Kf4 78.
Kh2 Kf3 79. Kg1 Kg3 80. Kh1 g5 81. Kg1 g4 82. Kh1 Kf2 83. Kh2 g3+ 84. Kh1 g2+
0-1

[Event "Oakville Winter op U2100"]
[Site "Oakville CAN"]
[Date "2019.01.26"]
[Round "2.13"]
[White "Liu, Harrison"]
[Black "Xie, Austin"]
[Result "1-0"]
[WhiteElo "1745"]
[BlackElo "1854"]
[PlyCount "91"]
[EventDate "2019.01.25"]
[EventType "swiss"]
[EventRounds "5"]
[EventCountry "CAN"]

1. e4 e6 2. d4 d5 3. Nd2 Nf6 4. e5 Nfd7 5. Bd3 c5 6. c3 Nc6 7. Ne2 c4 8. Bc2 b5
9. O-O Bb7 10. f4 Qb6 11. Kh1 a5 12. f5 O-O-O 13. fxe6 fxe6 14. Nf4 Ne7 15. Qg4
g5 16. Qxg5 Rg8 17. Qh5 Ng6 18. Bxg6 hxg6 19. Nxg6 b4 20. Rxf8 Rgxf8 21. Nxf8
Rxf8 22. Qe2 a4 23. a3 bxa3 24. bxa3 Qa5 25. Bb2 Nb8 26. h4 Qd8 27. g3 Nc6 28.
Rf1 Rg8 29. Kh2 Ne7 30. Rf6 Nf5 31. Nf1 Qe8 32. Kh3 Rh8 33. Ne3 Nxe3 34. Qxe3
Qh5 35. Qf3 Qxf3 36. Rxf3 Bc6 37. Rf6 Kd7 38. g4 Ke7 39. h5 Be8 40. h6 Rf8 41.
g5 Bh5 42. Kh4 Be2 43. g6 Rxf6 44. h7 Rf4+ 45. Kh3 Bf1+ 46. Kg3 1-0